Регионална библиотека "Любен Каравелов" - Русе

Хронологични и тематични диаграми на философските системи (Запис номер 23159)

MARC детайли
000 -Лидер
Контролно поле с фиксирана дължина 00954nam a2200265 c 4500
003 - Код на организацията, давaща контролен номер
Контролно поле BLK
005 - Дата и час на последна редакция
Контролно поле 20210119130036.0
008 - Елементи от данни с фиксирана дължина
fixed length control field 180413b bul|||||r ||||||| ||bul||
010 ## - Наследен системен номер
LC control number KNG00025632000
020 ## - Международен стандартен номер на книга ISBN
Международен стандартен номер на книга ISBN 954-407-091-5
040 ## - Източник на каталожния запис
Идентификатор на билиотеката - собственик на записа BLK
041 ## - Код за език
Код за езика на текст/звукозапис или на отделно заглавие Български
Код за езика КДБФ Български
080 ## - УДК
Текстов определител УДК Философски системи и направления
УДК код - определител по УДК 14
УДК определител (091)
УДК - код + определител 14(091)
100 1# - Редна дума - Автор
Автор Хънекс, Милтън Д.
Авторска отговорност първи автор
R(LIN) 138749
139 ## - Редно поле
Редна дума Хънекс, Милтън Д.
Авторски знак Хъ - Х 96
245 10 - Сведения за заглавието
Заглавие Хронологични и тематични диаграми на философските системи
Редно поле (дума) Милтън Д. Хънекс.
260 ## - Област на издателските данни
Име на издателя, разпространителя и проч. Нов човек
Година на издаване 1998
Място на издаване, разпространение и проч. София
300 ## - Физическа характеристика
Страници 106 с.
Илюстрации и др. със сх.
Размери/Мащаб 29 см
380 ## - Жанр
Жанр Философия
852 ## - Местоположение
Форматна сигнатура Цб ІІ 10023
856 4# - Електронен адрес и достъп
Електронен формат pdf - файл
Път до файла /url/
856 4# - Електронен адрес и достъп
Електронен формат pdf - файл
Път до файла /url/
999 ## - СИСТЕМНИ КОНТРОЛНИ НОМЕРА
Koha biblionumber 23159
Koha biblioitemnumber 23159
942 ## - АРТИКУЛИ
Вид на библиотечния материал Книги
Скрит в OPAC Не
Периодичен библиозапис Да
944 ## - СЪЗДАВАНЕ И РЕДАКЦИЯ на ЗАПИСА
Създаване/Редакция Създаване
Дата на регистрацията/редакция 15.01.2003
Служител, извършил регистрацията/редакцията Кети_Илиева
944 ## - СЪЗДАВАНЕ И РЕДАКЦИЯ на ЗАПИСА
Създаване/Редакция Редакция
Дата на регистрацията/редакция 14.09.2007
999 ## - СИСТЕМНИ КОНТРОЛНИ НОМЕРА
Koha biblioitemnumber 23159
Наличности
Код за отписване Код за изгубен артикул Източник на класификационната схема Код за повреда Коз за рестрикции Код за отдаване Артикулен № Име на библиотеката - собственик Име на библиотеката, в която се намира в момента Статус (Текущо местоположение) Дата на вписване в системата Местоположение - отдел Цена в лева Инвентарен номер Систематично азбучна сигнатура Баркод Номер на екземпляра Цена в евро Служебен тип на артикула Служебна бележка
  Не е изгубен Universal Decimal Classification Не е повреден без рестрикции ползва се в читалня 38203 Регионална библиотека "Любен Каравелов" Русе Регионална библиотека "Любен Каравелов" Русе Хранилище 2001-01-01 Основен фонд - ползва се само за читалня 7.50 645793 Цб ІІ 10023 120000645793 1 3.83 Книги  
  Не е изгубен Universal Decimal Classification Не е повреден без рестрикции ползва се в читалня 38204 Регионална библиотека "Любен Каравелов" Русе Регионална библиотека "Любен Каравелов" Русе Читалня 2001-01-01 Читалня 7.50 645794 Ч 14/Х 96 120000645794 2 3.83 Книги Дата инв: 21.03.2017 Бележки инв: Ч2017
Vip Innovations Ltd, Rousse, Bulgaria 2025